000 00459nam a2200169Ia 4500
008 220531s9999 xx 000 0 und d
041 _amar
100 _aघारे मुकुंद
_948350
245 _aसहभागीय पायलोट क्षेत्र विकास
250 _a1ST
260 _bAfarm
_c2000
300 _a504
542 _d31-03-2006
650 _aSociology
_948351
906 _d2005-2006
999 _c28302
_d28302